[Event "Metropolitan FIDE Invitational"]
[Site "Los Angeles"]
[Date "2010.11.21"]
[Round "6"]
[White "Taylor, Timothy"]
[Black "Sevillano, Enrico"]
[Result "0-1"]
[WhiteElo "2317"]
[BlackElo "2508"]
[PlyCount "88"]
[EventDate "2010.??.??"]
[SourceDate "2010.11.14"]

1. e4 g6 2. d4 Bg7 3. c4 d6 4. Nc3 c6 5. Be3 a6 6. Nf3 Bg4 7. Be2 Nd7 8. O-O
Bxf3 9. Bxf3 Ngf6 10. Qd2 O-O 11. Rfd1 Qc7 12. Rac1 Rad8 13. Be2 e5 14. d5 c5
15. a3 Ne8 16. b4 f5 17. f3 Nef6 18. Rb1 Rb8 19. Bd3 f4 20. Bf2 g5 21. Be2 h5
22. Rb2 Rfc8 23. Rc1 Bh6 24. Kh1 Kh7 25. g3 g4 26. gxf4 Rf8 27. Be3 exf4 28.
Bxf4 Nxe4 29. Nxe4 Rxf4 30. Qc2 Kh8 31. Ng3 gxf3 32. Nxh5 Ne5 33. Nxf4 Bxf4 34.
Rf1 fxe2 35. Qxe2 Bh6 36. Qh5 Qh7 37. bxc5 Nxc4 38. Rf6 Bg7 39. Qf7 Nxb2 40.
Re6 Rg8 41. Re8 Qb1+ 42. Kg2 Qc2+ 43. Kf1 Qd1+ 44. Kf2 Bd4+ 0-1

[Event "Metropolitan FIDE Invitational"]
[Site "Los Angeles"]
[Date "2010.11.23"]
[Round "8"]
[White "Taylor, Timothy"]
[Black "Amanov, Zhanibek"]
[Result "1/2-1/2"]
[WhiteElo "2317"]
[BlackElo "2394"]
[PlyCount "89"]
[EventDate "2010.??.??"]
[SourceDate "2010.11.14"]

1. e4 c5 2. Nf3 Nc6 3. d4 cxd4 4. Nxd4 Nf6 5. Nc3 d6 6. Be2 g6 7. Be3 Bg7 8.
Nb3 Be6 9. f4 O-O 10. g4 d5 11. f5 Bc8 12. exd5 Nb4 13. Bf3 gxf5 14. a3 fxg4
15. Bg2 Na6 16. Qd3 Nc7 17. O-O-O Nce8 18. h3 g3 19. Ne2 Nd6 20. Nxg3 Qc7 21.
Rhg1 Bd7 22. Nd4 Rac8 23. Be4 Kh8 24. Bf4 Qb6 25. Bf3 Nc4 26. b3 Nxa3 27. Ngf5
Bxf5 28. Qxf5 Nxc2 29. Nxc2 Qxb3 30. Rxg7 Kxg7 31. Rg1+ Kh8 32. Bh6 Rg8 33.
Bg7+ Rxg7 34. Qxc8+ Ng8 35. Rxg7 Kxg7 36. Qg4+ Kf8 37. Qf4 Qc3 38. d6 exd6 39.
Qxd6+ Kg7 40. Bxb7 Qxh3 41. Qd4+ Nf6 42. Ne3 Qd7 43. Qxa7 Qc7+ 44. Kb1 Qe5 45.
Qb6 1/2-1/2

[Event "Metropolitan FIDE Invitational"]
[Site "Los Angeles"]
[Date "2010.11.20"]
[Round "7"]
[White "Banawa, Joel"]
[Black "Manukyan, Garush"]
[Result "1-0"]
[WhiteElo "2341"]
[BlackElo "2302"]
[PlyCount "95"]
[EventDate "2010.??.??"]
[SourceDate "2010.11.14"]

1. d4 Nf6 2. c4 e6 3. Nc3 d5 4. cxd5 exd5 5. Bg5 Be7 6. e3 Nbd7 7. Nf3 Nf8 8.
Bd3 Ne6 9. Bh4 c6 10. O-O g6 11. Rb1 O-O 12. b4 a6 13. a4 Ng7 14. Rb3 Nf5 15.
Bxf6 Bxf6 16. b5 axb5 17. axb5 Nd6 18. Nd2 Bg7 19. Qc2 f5 20. bxc6 bxc6 21. Ne2
Bd7 22. Rbb1 g5 23. Nf3 Qe7 24. Qc5 Bf6 25. Rb6 Qe6 26. Ng3 Ra2 27. Rxc6 Bxc6
28. Qxc6 Kf7 29. Qc7+ Kg6 30. h4 g4 31. h5+ Kh6 32. Nxf5+ Nxf5 33. Qf4+ Kg7 34.
Bxf5 Qa6 35. Qxg4+ Kh8 36. h6 Qd6 37. Rc1 Rg8 38. Qh5 Ra7 39. Rf1 Qe7 40. g3
Bg5 41. Kg2 Qf6 42. Bb1 Rf7 43. Ne5 Re7 44. f4 Bxh6 45. Rh1 Reg7 46. g4 Qa6 47.
Kf3 Rb8 48. Bd3 1-0

[Event "Metropolitan FIDE Invitational"]
[Site "Los Angeles"]
[Date "2010.11.21"]
[Round "8"]
[White "Abrahamyan, Tatev"]
[Black "Banawa, Joel"]
[Result "1-0"]
[WhiteElo "2355"]
[BlackElo "2341"]
[PlyCount "93"]
[EventDate "2010.??.??"]
[SourceDate "2010.11.14"]

1. e4 c5 2. Nf3 e6 3. d4 cxd4 4. Nxd4 Nf6 5. Nc3 Nc6 6. Ndb5 Bc5 7. Bf4 O-O 8.
Bc7 Qe7 9. Bd6 Bxd6 10. Qxd6 Qd8 11. O-O-O a6 12. Nd4 Qb6 13. f3 Ne8 14. Na4
Qa5 15. Nxc6 bxc6 16. Qa3 d6 17. Bc4 Rb8 18. Bb3 Qg5+ 19. Rd2 c5 20. Re1 Nc7
21. c4 Nb5 22. cxb5 axb5 23. Nxc5 dxc5 24. Bc2 Rd8 25. Red1 b4 26. Qa5 Rf8 27.
Kb1 Bb7 28. g3 Qe3 29. Rd3 Qf2 30. Qa7 Bc6 31. Qxb8 Rxb8 32. Rd8+ Be8 33. Rxb8
Kf8 34. Ba4 g6 35. Rxe8+ Kg7 36. f4 Qxh2 37. f5 exf5 38. exf5 gxf5 39. Re5 c4
40. Rf1 b3 41. axb3 cxb3 42. Rexf5 Qc2+ 43. Ka1 Qc4 44. Rxf7+ Kg6 45. R7f6+ Kg7
46. R6f4 Qd3 47. Rg4+ 1-0

[Event "Metropolitan FIDE Invitational"]
[Site "Los Angeles"]
[Date "2010.11.20"]
[Round "6"]
[White "Manukyan, Garush"]
[Black "Amanov, Zhanibek"]
[Result "0-1"]
[WhiteElo "2302"]
[BlackElo "2394"]
[PlyCount "130"]
[EventDate "2010.??.??"]
[SourceDate "2010.11.14"]

1. b3 Nf6 2. Bb2 d5 3. e3 Bf5 4. f4 e6 5. Nf3 Nbd7 6. Be2 Bd6 7. O-O h6 8. Ne5
a5 9. a4 c6 10. Nxd7 Qxd7 11. d3 Qe7 12. Nd2 Bc5 13. d4 Bd6 14. Bd3 O-O 15. Qe2
Rfe8 16. e4 dxe4 17. Nxe4 Bxe4 18. Bxe4 Nxe4 19. Qxe4 Qd7 20. Rf3 Be7 21. c4
Bf6 22. Rd1 Rad8 23. Bc3 Qc7 24. g4 c5 25. Rfd3 cxd4 26. Bxd4 Rxd4 27. Rxd4 Qb6
28. Qe3 Bxd4 29. Rxd4 Qc5 30. Kf2 Kf8 31. Rd3 Qxe3+ 32. Kxe3 Ke7 33. b4 axb4
34. Rb3 Kd7 35. Rxb4 Kc6 36. Rb5 Rd8 37. Rh5 Rd1 38. g5 hxg5 39. fxg5 Re1+ 40.
Kd2 Rg1 41. h4 Rg4 42. Rh7 f5 43. gxf6 gxf6 44. Kc3 e5 45. h5 Rh4 46. h6 Kc5
47. Rc7+ Kb6 48. Rh7 f5 49. Kb4 f4 50. Re7 Rxh6 51. Rxe5 Rf6 52. Rb5+ Kc7 53.
Kc3 f3 54. Rb1 f2 55. Rf1 Kc6 56. Kd4 Rf8 57. a5 Rf7 58. Ke3 Kc5 59. Kd3 Kb4
60. Kd4 Kxa5 61. Kc5 Ka4 62. Kd6 Kb4 63. c5 Kc4 64. Ke6 Rf3 65. Kd6 Kd3 0-1

[Event "Metropolitan FIDE Invitational"]
[Site "Los Angeles"]
[Date "2010.11.21"]
[Round "8"]
[White "Manukyan, Garush"]
[Black "Yankovsky, Roman"]
[Result "1-0"]
[WhiteElo "2302"]
[BlackElo "2381"]
[PlyCount "115"]
[EventDate "2010.??.??"]
[SourceDate "2010.11.14"]

1. g3 d5 2. Bg2 Nf6 3. Nf3 Bf5 4. O-O e6 5. d3 Be7 6. Nbd2 h6 7. c3 c6 8. Qb3
Qb6 9. Re1 O-O 10. e4 Bh7 11. exd5 cxd5 12. Qxb6 axb6 13. Ne5 Nfd7 14. Nxd7
Nxd7 15. d4 Bf6 16. Nb3 Bd3 17. Bf4 Rfc8 18. Nc1 Ba6 19. Bd6 g5 20. Re3 g4 21.
Bf4 h5 22. a3 Nf8 23. Nd3 Ng6 24. Ne5 Bxe5 25. Bxe5 Ne7 26. Bf4 Nf5 27. Re5 Bc4
28. h3 Kf8 29. f3 Ke8 30. Kf2 Kd7 31. fxg4 hxg4 32. hxg4 Ne7 33. Rh1 Bd3 34.
Bg5 Nc6 35. Re3 Bg6 36. Bf1 Rg8 37. Bf6 Na7 38. c4 dxc4 39. Bxc4 Rac8 40. Bb3
Bc2 41. Kf3 Nb5 42. Rh2 Rg6 43. Be5 f6 44. Rh7+ Ke8 45. Rh8+ Kd7 46. Rxc8 Bxb3
47. Rxb3 fxe5 48. Rxb5 Kxc8 49. dxe5 Kc7 50. Kf4 Kc6 51. a4 Rg8 52. g5 Rf8+ 53.
Kg4 Rg8 54. Kh5 Rh8+ 55. Kg6 Rf8 56. Kg7 Rf3 57. g6 Rxg3 58. Kf7 1-0

[Event "Metropolitan FIDE Invitational"]
[Site "Los Angeles"]
[Date "2010.11.20"]
[Round "6"]
[White "Kretchetov, Alexandre"]
[Black "Yankovsky, Roman"]
[Result "1/2-1/2"]
[WhiteElo "2358"]
[BlackElo "2381"]
[PlyCount "89"]
[EventDate "2010.??.??"]
[SourceDate "2010.11.14"]

1. d4 Nf6 2. c4 c5 3. Nf3 e6 4. Nc3 cxd4 5. Nxd4 Nc6 6. e4 Bb4 7. Nxc6 dxc6 8.
Bd3 Nd7 9. O-O Ne5 10. Be2 Qxd1 11. Rxd1 f6 12. Be3 b6 13. c5 Nd7 14. Na4 b5
15. a3 Ba5 16. Nc3 Bc7 17. f4 Ke7 18. b4 a5 19. Nxb5 cxb5 20. Bxb5 Rb8 21. Bc6
g5 22. g3 Rg8 23. Kf2 Nf8 24. b5 Ng6 25. Rg1 gxf4 26. gxf4 Rd8 27. Kf3 Rd3 28.
Ke2 Rb3 29. Raf1 Rb2+ 30. Kf3 R8xb5 31. Bxb5 Rxb5 32. Rb1 Bd7 33. Rxb5 Bxb5 34.
f5 exf5 35. exf5 Ne5+ 36. Kf2 h5 37. Rg7+ Kd8 38. h3 h4 39. Rh7 Bd3 40. Rxh4
Bxf5 41. Kg2 Kd7 42. Rh6 Be4+ 43. Kf2 f5 44. Rh7+ Kc6 45. Rxc7+ 1/2-1/2

[Event "Metropolitan FIDE Invitational"]
[Site "Los Angeles"]
[Date "2010.11.20"]
[Round "7"]
[White "Sevillano, Enrico"]
[Black "Kretchetov, Alexandre"]
[Result "1-0"]
[WhiteElo "2508"]
[BlackElo "2358"]
[PlyCount "129"]
[EventDate "2010.??.??"]
[SourceDate "2010.11.14"]

1. e4 e5 2. Nf3 Nc6 3. Bb5 a6 4. Ba4 Nf6 5. Bxc6 dxc6 6. d3 Qd6 7. Nbd2 Be6 8.
d4 Nd7 9. c3 g6 10. Qe2 Bg7 11. dxe5 Nxe5 12. Nxe5 Qxe5 13. O-O O-O-O 14. Qe3
Kb8 15. f4 Qb5 16. a4 Qd3 17. Qxd3 Rxd3 18. f5 Bc8 19. f6 Bf8 20. Nf3 Be6 21.
Kh1 h6 22. Ne5 Rd8 23. Be3 Bd6 24. Nf3 Bc4 25. Rfe1 c5 26. e5 Bf8 27. Rad1 Rxd1
28. Rxd1 Kc8 29. a5 Bb3 30. Rd2 h5 31. h4 Bh6 32. Bxh6 Rxh6 33. Ng5 Rh8 34. Ne4
b6 35. axb6 cxb6 36. Nd6+ Kc7 37. c4 Rf8 38. Kh2 Ba4 39. Kg3 Bd7 40. b3 Be6 41.
Ra2 a5 42. Nb5+ Kc8 43. Rd2 Rd8 44. Rd6 Rxd6 45. Nxd6+ Kd7 46. Kf4 b5 47. Nxb5
a4 48. bxa4 Bxc4 49. Ke4 Kc6 50. Nd6 Bd5+ 51. Kd3 Kb6 52. Nc4+ Kc6 53. g3 Be6
54. Ne3 Kb6 55. Nc4+ Kc6 56. Kc3 Kb7 57. Nd6+ Kc6 58. a5 Bd5 59. Ne8 Kd7 60.
Ng7 Kd8 61. a6 Kd7 62. a7 Kd8 63. e6 fxe6 64. Nxe6+ Kd7 65. f7 1-0

[Event "Metropolitan FIDE Invitational"]
[Site "Los Angeles"]
[Date "2010.11.13"]
[Round "2"]
[White "Banawa, Joel"]
[Black "Gupta, Ankit"]
[Result "1/2-1/2"]
[WhiteElo "2341"]
[BlackElo "2235"]
[PlyCount "68"]
[EventDate "2010.??.??"]
[SourceDate "2010.11.14"]

1. c4 e5 2. Nc3 Nc6 3. e3 g6 4. g3 Bg7 5. Bg2 Nge7 6. Nge2 O-O 7. O-O d6 8. b3
Rb8 9. Bb2 a6 10. d3 Bg4 11. Qd2 Qd7 12. Nd5 f6 13. Rac1 b5 14. Rfe1 bxc4 15.
dxc4 Kh8 16. Nxe7 Nxe7 17. Qa5 Nc6 18. Qd2 Rfd8 19. Nc3 Bf5 20. Nd5 Be6 21. Bc3
f5 22. Qb2 Rdc8 23. f4 e4 24. Bf1 Bxc3 25. Rxc3 Qg7 26. Qd2 a5 27. Rec1 Nb4 28.
Nxb4 axb4 29. R3c2 Rd8 30. Rd1 c5 31. Qc1 Ra8 32. Rdd2 Kg8 33. Qd1 Ra6 34. Be2
h5 1/2-1/2

[Event "Metropolitan FIDE Invitational"]
[Site "Los Angeles"]
[Date "2010.11.13"]
[Round "2"]
[White "Manukyan, Garush"]
[Black "Abrahamyan, Tatev"]
[Result "1/2-1/2"]
[WhiteElo "2302"]
[BlackElo "2355"]
[PlyCount "104"]
[EventDate "2010.??.??"]
[SourceDate "2010.11.14"]

1. Nf3 Nf6 2. g3 g6 3. Bg2 Bg7 4. O-O O-O 5. d3 d6 6. Nbd2 c5 7. e4 Nc6 8. a4
Rb8 9. Nc4 a6 10. a5 Be6 11. Nfd2 Ng4 12. f4 f5 13. exf5 Bxf5 14. Nf3 d5 15.
Ne3 Nxe3 16. Bxe3 Bxb2 17. Bxc5 Bxa1 18. Bb6 Qd6 19. Qxa1 Rbc8 20. Rf2 Qf6 21.
Qe1 Rfe8 22. h3 e5 23. Qa1 Qd6 24. fxe5 Nxe5 25. Kh2 Nxf3+ 26. Bxf3 Rf8 27. Bg2
Be6 28. Re2 Rf5 29. Qd4 Bf7 30. h4 Re8 31. Rxe8+ Bxe8 32. Bc5 Qe5 33. Qb4 Bc6
34. Bd4 Qe6 35. Bc3 Kf7 36. Qd4 Ke8 37. Qh8+ Rf8 38. Qd4 h6 39. Bb4 Rg8 40. Bf3
h5 41. Qc5 g5 42. Bxh5+ Kd7 43. Qf2 gxh4 44. g4 Kc8 45. Kh3 d4 46. Kxh4 Qe5 47.
Qf5+ Qxf5 48. gxf5 Rh8 49. Kg5 Kd7 50. Bc5 Ba4 51. f6 Ke6 52. f7 Rxh5+ 1/2-1/2

[Event "Metropolitan FIDE Invitational"]
[Site "Los Angeles"]
[Date "2010.11.20"]
[Round "6"]
[White "Kavutskiy, Kostya"]
[Black "Banawa, Joel"]
[Result "0-1"]
[WhiteElo "2149"]
[BlackElo "2341"]
[PlyCount "98"]
[EventDate "2010.??.??"]
[SourceDate "2010.11.14"]

1. d4 g6 2. c4 Bg7 3. Nf3 d6 4. e4 Bg4 5. Be2 Nc6 6. Be3 e5 7. dxe5 dxe5 8.
Nfd2 Bxe2 9. Kxe2 Nd4+ 10. Kf1 f5 11. Nc3 Nf6 12. h3 O-O 13. Kg1 f4 14. Bxd4
exd4 15. Ne2 Nd7 16. Nf3 c5 17. Qd3 Qe7 18. Re1 Rae8 19. Nc1 Rf6 20. Qe2 Re6
21. Nd2 Qf7 22. Nd3 b6 23. Kh2 h5 24. f3 Be5 25. Kg1 g5 26. Kf2 Rg6 27. Reg1
Qe6 28. b3 a6 29. a4 Re7 30. Nf1 Reg7 31. g4 fxg3+ 32. Nxg3 Bxg3+ 33. Rxg3 h4
34. Rg2 Nf6 35. Rhh2 Nh5 36. Qd1 Ng3 37. Kg1 Rf7 38. Rf2 Kh8 39. a5 Rgf6 40.
axb6 Qxb6 41. Rhg2 Qc7 42. Rh2 Qc8 43. Ne5 Rb7 44. Qc1 Qg8 45. Qd1 Qb8 46. Ng4
Rxb3 47. Rb2 Rfb6 48. Qc1 Rxb2 49. Qxg5 Rb1+ 0-1

[Event "Metropolitan FIDE Invitational"]
[Site "Los Angeles"]
[Date "2010.11.20"]
[Round "7"]
[White "Yankovsky, Roman"]
[Black "Kavutskiy, Kostya"]
[Result "0-1"]
[WhiteElo "2381"]
[BlackElo "2149"]
[PlyCount "78"]
[EventDate "2010.??.??"]
[SourceDate "2010.11.14"]

1. e4 e6 2. d4 d5 3. Nc3 Nf6 4. Bg5 Be7 5. e5 Nfd7 6. Bxe7 Qxe7 7. f4 a6 8. Nf3
c5 9. Qd2 Nc6 10. dxc5 Nxc5 11. O-O-O b5 12. Bd3 b4 13. Ne2 a5 14. Kb1 Ba6 15.
Ned4 Nxd4 16. Nxd4 O-O 17. h4 Rfc8 18. h5 b3 19. axb3 Bxd3 20. cxd3 a4 21. bxa4
Rxa4 22. Qc3 Raa8 23. Nb5 Rcb8 24. d4 Ne4 25. Qc6 Qb4 26. Rc1 Qxb5 27. Qxb5
Rxb5 28. Rhd1 Rab8 29. Rc2 h6 30. Rdc1 Kh7 31. g4 Rb4 32. Rd1 Rb3 33. Rdc1 Rd3
34. Rc8 Rxc8 35. Rxc8 Rxd4 36. Rb8 Nd2+ 37. Kc2 Nc4 38. b4 Rxf4 39. b5 Nxe5 0-1

[Event "Metropolitan FIDE Invitational"]
[Site "Los Angeles"]
[Date "2010.11.21"]
[Round "8"]
[White "Kretchetov, Alexandre"]
[Black "Kavutskiy, Kostya"]
[Result "1-0"]
[WhiteElo "2358"]
[BlackElo "2149"]
[PlyCount "55"]
[EventDate "2010.??.??"]
[SourceDate "2010.11.14"]

1. Nf3 Nf6 2. c4 e6 3. d4 d5 4. g3 dxc4 5. Qa4+ Nbd7 6. Bg2 a6 7. Qxc4 b5 8.
Qc2 Bb7 9. O-O Be7 10. a4 O-O 11. axb5 axb5 12. Rxa8 Qxa8 13. Qxc7 Rc8 14. Qf4
Nb6 15. Nbd2 Nfd5 16. Qg4 Nb4 17. Nb3 Na4 18. Nc5 Nxc5 19. dxc5 Bxc5 20. Bh6
Bf8 21. Bxg7 f5 22. Qh4 Kxg7 23. Ng5 Bxg2 24. Qxh7+ Kf6 25. Qf7+ Kxg5 26. h4+
Kg4 27. Kh2 Bxf1 28. Qg6# 1-0

[Event "Metropolitan FIDE Invitational"]
[Site "Los Angeles"]
[Date "2010.11.14"]
[Round "5"]
[White "Gupta, Ankit"]
[Black "Manukyan, Garush"]
[Result "1/2-1/2"]
[WhiteElo "2235"]
[BlackElo "2302"]
[PlyCount "42"]
[EventDate "2010.??.??"]
[SourceDate "2010.11.14"]

1. e4 c6 2. d4 d5 3. exd5 cxd5 4. c4 Nc6 5. Nc3 Nf6 6. Bg5 e6 7. c5 Be7 8. Nf3
Ne4 9. Bxe7 Qxe7 10. Bb5 O-O 11. O-O Nxc3 12. bxc3 Bd7 13. Rb1 Kh8 14. Rb2 Be8
15. Qe2 Nd8 16. Bd3 f6 17. c4 Bc6 18. cxd5 Bxd5 19. Be4 Qd7 20. Re1 Rc8 21. h3
Rf7 1/2-1/2

[Event "Metropolitan FIDE Invitational"]
[Site "Los Angeles"]
[Date "2010.11.14"]
[Round "5"]
[White "Sevillano, Enrico"]
[Black "Abrahamyan, Tatev"]
[Result "1-0"]
[WhiteElo "2508"]
[BlackElo "2355"]
[PlyCount "81"]
[EventDate "2010.??.??"]
[SourceDate "2010.11.14"]
[WhiteTeam "USA"]
[WhiteTeamCountry "USA"]

1. e4 e6 2. d4 d5 3. e5 c5 4. c3 Nc6 5. Nf3 Qb6 6. a3 Nh6 7. b4 cxd4 8. Bxh6
gxh6 9. cxd4 Bd7 10. Be2 Rc8 11. O-O Bg7 12. Qd3 O-O 13. Nbd2 f6 14. exf6 Rxf6
15. b5 Ne7 16. Ne5 Be8 17. Nb3 Ng6 18. Nxg6 Bxg6 19. Qe3 Re8 20. Nc5 Rf7 21.
Rac1 e5 22. Bd3 Bxd3 23. Nxd3 Qxd4 24. Qxd4 exd4 25. Rc2 Bf8 26. a4 Re6 27. g3
Bd6 28. Rd1 Re8 29. Kg2 Rfe7 30. Nc1 Re4 31. Nb3 d3 32. Rxd3 Rxa4 33. Rxd5 Bf8
34. Rc7 Rb4 35. Nd4 Re7 36. Rc8 Rf7 37. f4 Rf6 38. Rdd8 a6 39. bxa6 bxa6 40.
Nc6 Rb2+ 41. Kh3 1-0

[Event "Metropolitan FIDE Invitational"]
[Site "Los Angeles"]
[Date "2010.11.13"]
[Round "3"]
[White "Amanov, Zhanibek"]
[Black "Banawa, Joel"]
[Result "1-0"]
[WhiteElo "2394"]
[BlackElo "2341"]
[PlyCount "69"]
[EventDate "2010.??.??"]
[SourceDate "2010.11.14"]
[WhiteTeamCountry "USA"]

1. e4 c5 2. Nf3 e6 3. Nc3 a6 4. d4 cxd4 5. Nxd4 Qc7 6. g3 Nc6 7. Bg2 Nf6 8. O-O
d6 9. Re1 Be7 10. Nxc6 bxc6 11. e5 dxe5 12. Rxe5 O-O 13. Bf4 Qb7 14. b3 Rd8 15.
Qe2 Bd7 16. Rd1 Be8 17. Re3 a5 18. Red3 Rxd3 19. Rxd3 Nd5 20. Be5 Nb4 21. Rd2
Rd8 22. Rxd8 Bxd8 23. a3 Nd5 24. Ne4 f6 25. Bb2 Qe7 26. c4 Nc7 27. Qd2 Na6 28.
Nd6 Qd7 29. Bc3 Bg6 30. Nb7 Qxb7 31. Qxd8+ Kf7 32. h4 Bc2 33. h5 h6 34. b4 axb4
35. axb4 1-0